000 00787cam a22002413a 4500
001 17562
003 PGUSA
005 20140828083356.0
008 060121s2006||||xxu|||||s|||||000 | eng d
040 _aPGUSA
_beng
042 _adc
050 4 _aPS
100 1 _aArmstrong, H. S.
245 1 0 _aTrifles for the Christmas Holidays
_h[electronic resource] /
_cH. S. Armstrong
260 _bProject Gutenberg,
_c2006
505 0 _aThe Overture -- A Christmas Melody -- Story of a Beast -- Leaves in the Life of an Idler -- Mr. Butterby Records His Case -- Diamonds and Hearts.
506 _aPublic domain in the USA.
516 _aElectronic text
653 _aShort stories
830 0 _aProject Gutenberg
_v17562
856 4 0 _uhttp://www.gutenberg.org/ebooks/17562
942 _cEB
999 _c246817
_d246817